| 000 | 01525nam a2200349Ia 4500 | ||
|---|---|---|---|
| 001 | ebr10718270 | ||
| 003 | CaPaEBR | ||
| 006 | m o u | ||
| 007 | cr cn||||||||| | ||
| 008 | 120823s2013 caua sb 001 0 eng d | ||
| 010 | _z 2012033970 | ||
| 020 | _z9780804785099 (cloth : alk. paper) | ||
| 020 | _z0804785090 (cloth : alk. paper) | ||
| 020 | _z9780804785556 | ||
| 040 |
_aCaPaEBR _cCaPaEBR |
||
| 035 | _a(OCoLC)849246161 | ||
| 050 | 1 | 4 |
_aHG1601 _b.P65 2013eb |
| 100 | 1 |
_aPolillo, Simone, _d1978- |
|
| 245 | 1 | 0 |
_aConservatives versus wildcats _h[electronic resource] : _ba sociology of financial conflict / _cSimone Polillo. |
| 260 |
_aStanford, California : _bStanford University Press, _c2013. |
||
| 300 |
_aviii, 297 p. : _bill. |
||
| 504 | _aIncludes bibliographical references and index. | ||
| 533 |
_aElectronic reproduction. _bPalo Alto, Calif. : _cebrary, _d2013. _nAvailable via World Wide Web. _nAccess may be limited to ebrary affiliated libraries. |
||
| 650 | 0 |
_aBanks and banking _xSocial aspects _vCase studies. |
|
| 650 | 0 |
_aCredit _xSocial aspects _vCase studies. |
|
| 650 | 0 |
_aFinance _xSocial aspects _vCase studies. |
|
| 650 | 0 |
_aBanks and banking _xSocial aspects _zUnited States _xHistory _y19th century. |
|
| 650 | 0 |
_aBanks and banking _xSocial aspects _zItaly _xHistory _y19th century. |
|
| 655 | 7 |
_aElectronic books. _2local |
|
| 710 | 2 | _aebrary, Inc. | |
| 856 | 4 | 0 |
_uhttp://site.ebrary.com/lib/rucke/Doc?id=10718270 _zAn electronic book accessible through the World Wide Web; click to view |
| 999 |
_c41342 _d41342 |
||